Movies by Plot Pictogram Quiz Stats

Quiz Updated Jan 24, 2015

Also try: Music Pictograms
Challenge
Share
Tweet
Score 0/18 Timer 08:00
23 Plays Today
% Correct
Titanic
98.9%
Ghostbusters
96.6%
E.T.
96.4%
King Kong
95.5%
Planet of the Apes
84.9%
Schindler's List
79.1%
Brokeback Mountain
78.4%
The Matrix
71%
Thelma and Louise
62.3%
% Correct
Taxi Driver
55.7%
The Dark Knight
45.9%
Chariots of Fire
42.8%
The Devil Wears Prada
41.6%
American Beauty
40%
Argo
39.9%
Lost in Translation
38.3%
Amadeus
27.8%
The Departed
24.1%

You're not logged in!

Compare scores with friends on all Sporcle quizzes.
Sign Up with Email
OR
Log In

You Might Also Like...

Show Comments

Extras

Top Quizzes Today


Score Distribution

Your Account Isn't Verified!

In order to create a playlist on Sporcle, you need to verify the email address you used during registration. Go to your Sporcle Settings to finish the process.